000 00266nam a2200121Ia 4500
008 190216s9999||||xx |||||||||||||| ||und||
100 _aRick Spence
245 0 _aClipper 5.2
260 _bBpb Publications
_c1994
300 _a812p
650 _aComputer
942 _cBK
999 _c8569
_d8569